000
00280nam a22001337a 4500
020
_a
978-81-86530-56-6
041
_a
ENG
100
_a
keshav K
245
_a
Zenduhi Phuhe
260
_a
Mumbai
_b
Parchur Prakshan
_c
2005
300
_a
257
650
_a
Marati
856
_u
Marati
999
_c
2593
_d
2593